Т. 87, № 1; Биохимия

Chi tiết về thư mục
Parent link:Биохимия=Biochemistry (Moscow): научный журнал/ Российская академия наук (РАН). Т. 87, № 1.— , 1937, 1945, 1957-1963, 1967-1996.— 0320-9725
Ngôn ngữ:Tiếng Nga
Được phát hành: 2022
Truy cập trực tuyến:https://sciencejournals.ru/view-issue/?j=biokhsm&y=2022&v=87&n=1
Định dạng: Điện tử Sách
KOHA link:https://koha.lib.tpu.ru/cgi-bin/koha/opac-detail.pl?biblionumber=587944

MARC

LEADER 00000nam2a2200000 4500
001 587944
005 20231101131502.0
035 |a (RuTPU)RU\TPU\prd\290660 
035 |a RU\TPU\prd\290138 
090 |a 587944 
100 |a 20221206a19969999k y0rusy50 ca 
101 0 |a rus 
102 |a RU 
181 0 |a i  
182 0 |a b 
200 0 |a Т. 87, № 1  |b Электронный ресурс 
203 |a Текст  |c электронный 
210 |d 2022 
461 1 |0 (RuTPU)RU\TPU\prd\53  |x 0320-9725  |t Биохимия  |l Biochemistry (Moscow)  |o научный журнал  |f Российская академия наук (РАН)  |v Т. 87, № 1  |d 1937, 1945, 1957-1963, 1967-1996 
801 0 |a RU  |b 63413507  |c 20010227  |g PSBO 
801 1 |a RU  |b 63413507  |c 20130614 
801 2 |a RU  |b 63413507  |c 20221206  |g RCR 
856 4 0 |u https://sciencejournals.ru/view-issue/?j=biokhsm&y=2022&v=87&n=1 
942 |c BK